000 00556nam a2200193Ia 4500
003 GCL
008 140319s9999 xx 000 0 eng d
040 _aGCL /
_cGCL
082 0 4 _aCH
_b745.59
_bP I
100 1 _aPURTON, MICHAEL
245 1 0 _aI CAN MAKE MUSIC: SIMPLE TO MAKE AND FUN TO PLAY: MUSICAL INSTURMENTS FOR YOUNG CHILDREN /
_cPURTON, MICHAEL
260 _a[S.N] :
_bLORENZ BOOKS ،
_c1996
300 _a41 P
650 0 4 _aHANDCRAFT
650 0 4 _aARTS
650 0 4 _aMUSIC - INSTRUMENTS
650 0 4 _aCHILDREN - HANDCRAFTS
942 _2ddc
_cBK
999 _c14691
_d14691